Marco ambiental, planificación financiera y estructuras financieras eficientes (Registro nro. 17441)
[ vista simple ]
| 000 -LEADER | |
|---|---|
| fixed length control field | 00370 a2200109 4500 |
| 001 - CONTROL NUMBER | |
| control field | ART_2486 |
| 005 - DATE AND TIME OF LATEST TRANSACTION | |
| control field | 20260410161726.0 |
| 008 - FIXED-LENGTH DATA ELEMENTS--GENERAL INFORMATION | |
| fixed length control field | 260409a |
| 100 1# - MAIN ENTRY--PERSONAL NAME | |
| Personal name | Pascale, Ricardo |
| 245 10 - TITLE STATEMENT | |
| Title | Marco ambiental, planificación financiera y estructuras financieras eficientes |
| 773 0# - HOST ITEM ENTRY | |
| Title | Administración de empresas |
| Related parts | - Año 4, Nº 48 (mar. 1974) |
| Record control number | REV2036 |
No hay ítems disponibles.